000 00706nam a2200229Ia 4500
001 9454
003 GE_BSU
008 181216s||||||||xx |||||||||||||| ||und||
040 _cGE_BSU
080 _a821.353.1–1
100 _aმებურიშვილი,ტაგუ
245 _aკარგი დღე
245 _bლექსები
245 _cრედ. ილ.ხოშტარია.მხატვ.ზ.ხარაბაძე
260 _aთბილისი
260 _bსაბჭოთა საქართველო
260 _c1967
300 _a63გვ.16სმ.
653 _aკარგი დღე
653 _aლექსები
942 _cBK
999 _c42748
_d42748